Southville International School and Colleges
Your cart is empty.
  • Cart
  • Lists
    Public lists Eva Luna New books Lux_list list_1
    Your lists Log in to create your own lists
  • Log in to your account
  • Your cookies
  • Search history
Southville International School and Colleges
  • Advanced search
  • Recent comments
  • Most popular
  • Libraries

Log in to your account

Log in with GOOGLE


If you do not have an external account, but do have a local account, you can still log in:

  1. Home
  2. MARC view: Holy Bible :
Normal view MARC view ISBD view

Holy Bible : (Record no. 8515)

[ view plain ]
MARC details
000 -LEADER
fixed length control field 00827cam a2200325 i 4500
001 - CONTROL NUMBER
control field 33270
003 - CONTROL NUMBER IDENTIFIER
control field OSt
005 - DATE AND TIME OF LATEST TRANSACTION
control field 20140310182028.0
008 - FIXED-LENGTH DATA ELEMENTS--GENERAL INFORMATION
fixed length control field 801024s1979 tnu 000 0 eng
010 ## - LIBRARY OF CONGRESS CONTROL NUMBER
LC control number 79118677
020 ## - INTERNATIONAL STANDARD BOOK NUMBER
Terms of availability $7.95
International Standard Book Number 0834004267
035 ## - SYSTEM CONTROL NUMBER
System control number (OCoLC)5309584
035 ## - SYSTEM CONTROL NUMBER
System control number (OCoLC)ocm05309584
035 ## - SYSTEM CONTROL NUMBER
System control number (CStRLIN)NYCG19316380-B
035 ## - SYSTEM CONTROL NUMBER
System control number (NNC)33270
040 ## - CATALOGING SOURCE
Modifying agency NNC
041 1# - LANGUAGE CODE
Language code of text/sound track or separate title enggrc
050 0# - LIBRARY OF CONGRESS CALL NUMBER
Classification number BS 195
Item number .H7611985
082 ## - DEWEY DECIMAL CLASSIFICATION NUMBER
Classification number HS 220
Item number H74 1985
130 0# - MAIN ENTRY--UNIFORM TITLE
Uniform title Bible.
Name of part/section of a work N.T.
Language of a work English.
Version New King James.
Date of a work 1979.
9 (RLIN) 9939
245 14 - TITLE STATEMENT
Title Holy Bible :
Remainder of title containing and new testaments
260 ## - PUBLICATION, DISTRIBUTION, ETC. (IMPRINT)
Place of publication, distribution, etc Nashville :
Name of publisher, distributor, etc T. Nelson,
Date of publication, distribution, etc c1985.
300 ## - PHYSICAL DESCRIPTION
Extent 1217 p. ;
Dimensions 22 cm.
650 ## - SUBJECT ADDED ENTRY--TOPICAL TERM
Topical term or geographic name as entry element Religion
9 (RLIN) 7084
942 ## - ADDED ENTRY ELEMENTS (KOHA)
Source of classification or shelving scheme Library of Congress Classification
Koha item type
Holdings
Withdrawn status Lost status Source of classification or shelving scheme Damaged status Home library Current library Shelving location Date acquired Total Checkouts Full call number Barcode Date last seen Date checked out Copy number Price effective from Koha item type
    Library of Congress Classification   Luxembourg Library Luxembourg Library High School Section 08/14/2013 4 BS 195 .H761 1985 11150 02/21/2017 02/21/2017 1 08/14/2013 Books
    Library of Congress Classification   Luxembourg Library Luxembourg Library High School Section 08/14/2013 5 BS 195 .H761 1985 4966 02/09/2017 02/07/2017 2 08/14/2013 Books
    Library of Congress Classification   Luxembourg Library Luxembourg Library High School Section 08/14/2013 9 BS 195 .H761 1985 4967 10/07/2019 09/19/2019 3 08/14/2013 Books

Holy Bible :

APA

(1985). Holy Bible. Nashville: T. Nelson.

Chicago

1985. Holy Bible. Nashville: T. Nelson.

Harvard

(1985). Holy Bible. Nashville: T. Nelson.

MLA

Holy Bible. Nashville: T. Nelson. 1985.

  • Place hold
  • Print
  • Cite
  • Add to your cart (remove)
  • Save record
    BIBTEX Dublin Core MARCXML MARC (non-Unicode/MARC-8) MARC (Unicode/UTF-8) MARC (Unicode/UTF-8, Standard) MODS (XML) RIS
  • More searches
    Search for this title in:
    Other Libraries (WorldCat) Other Databases (Google Scholar) Online Stores (Bookfinder.com) Open Library (openlibrary.org)

Exporting to Dublin Core...

SOUTHVILLE LIBRARY

Southville International School and Colleges Library

1281 Tropical Ave. Cor. Luxembourg St., BF Homes International, Las Pinas City

Tel. No. 8256374 / 252358 Loc. 117/146

Powered by Koha